000 00579cam a22002053a 4500
001 36333
003 PGUSA
005 20140828083803.0
008 110605s2011||||xxu|||||s|||||000 | eng d
040 _aPGUSA
_beng
042 _adc
100 1 _aBrandeis, Madeline,
_d1897-1937
245 1 0 _aLittle Erik of Sweden
_h[electronic resource] /
_cMadeline Brandeis
260 _bProject Gutenberg,
_c2011
506 _aPublic domain in the USA.
516 _aElectronic text
830 0 _aProject Gutenberg
_v36333
856 4 0 _uhttp://www.gutenberg.org/ebooks/36333
942 _cEB
999 _c265588
_d265588